000 00612cam a22002053a 4500
001 40724
003 PGUSA
005 20140828083917.0
008 120910s2012||||xxu|||||s|||||000 | eng d
040 _aPGUSA
_beng
042 _adc
100 1 _aLizárraga, Reginaldo de,
_d1545-1615
245 1 0 _aDescripción colonial, libro segundo (2/2)
_h[electronic resource] /
_cReginaldo de Lizárraga
260 _bProject Gutenberg,
_c2012
506 _aPublic domain in the USA.
516 _aElectronic text
830 0 _aProject Gutenberg
_v40724
856 4 0 _uhttp://www.gutenberg.org/ebooks/40724
942 _cEB
999 _c269976
_d269976